00744nam a2200229Ia 4500003000900000008004100009020001800050040001600068080002200084245011700106260003300223300001400256490005600270650001400326650004100340650002000381700001900401700002100420700002500441700002200466700002600488IN-BaIIA211028s9999 xx 000 0 eng d a0-306-43158-0 cIIA Library a52-17:519.68bDAT 0aData analysis in astronomy IIIcedited by V. Di Gesu…[et al.]  aNew YorkbPlenum Pressc1989 aix, 417p. aEttore Majorana International Science Series; v. 40 aAstronomy aAstronomy and astrophysics thesaurus aData processing aCrane, P., ed. aDi Gesu, V., ed. aFriedman, J. H., ed. aLevialdi, S., ed. aMaccarone, M. C., ed.